[Event "FRA-chT U20"]
[Site "Mulhouse"]
[Date "2005.12.19"]
[Round "5"]
[White "Viville, Simon"]
[Black "Le Ruyet, Leopold"]
[Result "1-0"]
[WhiteElo "1740"]
[BlackElo "1892"]
[PlyCount "99"]
[EventDate "2005.12.??"]
[EventType "team"]
[EventRounds "11"]
[EventCountry "FRA"]
[SourceTitle "EXT 2007"]
[Source "ChessBase"]
[SourceDate "2006.11.23"]
[SourceVersion "1"]
[SourceVersionDate "2006.11.23"]
[SourceQuality "1"]
[WhiteTeam "Bischwiller"]
[BlackTeam "Sautron"]
[WhiteTeamCountry "FRA"]
[BlackTeamCountry "FRA"]

1. e4 c5 2. Ne2 d6 3. Nbc3 Nf6 4. g3 g6 5. Bg2 Bg7 6. 0-0 0-0 7. d3 Nc6 8. h3 Rb8 9. f4 b5 10. e5 Bxh3 11. exf6 Bxg2 12. fxg7 Bxf1 13. gxf8Q+ Qxf8 14. Qxf1 a5 15. Qg2 Nb4 16. a3 Nxc2 17. Ra2 b4 18. b3 Ne1 19. Qe4 bxc3 20. Nxc3 Nxd3 21. Qxd3 Rxb3 22. Qc4 a4 23. Kg2 Qa8+ 24. Qd5 Qa5 25. Ne4 Qe1 26. Bd2 Qe2+ 27. Kh3 Qf1+ 28. Kh2 Rb1 29. Nc3 Qg1+ 30. Kh3 Ra1 31. Qg2 Qxg2+ 32. Kxg2 Rxa2 33. Nxa2 Kf8 34. Nc3 Ke8 35. Nxa4 Kd7 36. Nb2 d5 37. Kf3 f6 38. Ke3 e5 39. a4 Kc6 40. Ba5 e4 41. Bd8 f5 42. a5 Kb5 43. Na4 d4+ 44. Kd2 c4 45. Nc3+ dxc3+ 46. Kxc3 e3 47. Kc2 h6 48. Kc3 h5 49. Bb6 e2 50. Kd2 1-0

[Event "FRA-chT U20a 0405"]
[Site "France"]
[Date "2005.05.14"]
[Round "8.4"]
[White "Viville, Simon"]
[Black "Le Ruyet, Leopold"]
[Result "1/2-1/2"]
[WhiteElo "1590"]
[BlackElo "1890"]
[PlyCount "161"]
[EventDate "2004.11.19"]
[EventType "team"]
[EventRounds "11"]
[EventCountry "FRA"]
[SourceTitle "EXT 2006"]
[Source "ChessBase"]
[SourceDate "2005.11.24"]
[SourceVersion "1"]
[SourceVersionDate "2005.11.24"]
[SourceQuality "1"]

1. e4 c5 2. Nf3 d6 3. d4 cxd4 4. Nxd4 Nf6 5. Nc3 a6 6. Be2 e5 7. Nb3 Be7 8. 0-0 0-0 9. Kh1 b5 10. a3 Bb7 11. Bf3 Nbd7 12. Be3 Nc5 13. Nd2 Rc8 14. Re1 Re8 15. g4 d5 16. Bxc5 Bxc5 17. g5 Nxe4 18. Ndxe4 dxe4 19. Qxd8 Rcxd8 20. Bxe4 Bxe4+ 21. Nxe4 Bb6 22. Rad1 Kf8 23. Kg2 Ke7 24. Kf3 f5 25. gxf6+ gxf6 26. Nc3 Bd4 27. Rd3 f5 28. Kg2 Kf6 29. Rf3 Rg8+ 30. Kf1 Ke6 31. Nd1 e4 32. c3 Be5 33. Rh3 Rg7 34. Ne3 f4 35. Rh6+ Rg6 36. Rxg6+ hxg6 37. Ng4 f3 38. Rxe4 Kf5 39. Rxe5+ Kxg4 40. Re4+ Kh3 41. Rd4 Re8 42. Rd3 Kg4 43. Re3 Rd8 44. h3+ Kf4 45. Ke1 Rh8 46. Kd2 Rxh3 47. Kd3 g5 48. Re4+ Kf5 49. Ke3 g4 50. Rf4+ Kg5 51. Ke4 g3 52. fxg3 Rxg3 53. Rxf3 Rg2 54. Rf5+ Kg6 55. Rc5 Rxb2 56. Rc6+ Kf7 57. Rxa6 Rb3 58. Kd4 Ke7 59. a4 bxa4 60. Rxa4 Rb1 61. Kc5 Kd7 62. Rh4 Rg1 63. Rd4+ Kc7 64. Kb5 Rg5+ 65. Kb4 Rg1 66. Kc5 Rg5+ 67. Rd5 Rg6 68. c4 Rc6+ 69. Kd4 Kb6 70. Rb5+ Kc7 71. Rc5 Kd6 72. Rd5+ Kc7 73. c5 Rh6 74. Kc4 Kc6 75. Rd8 Rh4+ 76. Rd4 Rh6 77. Kb4 Re6 78. Kc4 Rh6 79. Rd8 Rh4+ 80. Rd4 Rxd4+ 81. Kxd4 1/2-1/2

[Event "FRA-chT U20 0304"]
[Site "France"]
[Date "2003.11.23"]
[Round "3"]
[White "Sainet, Bertrand"]
[Black "Viville, Simon"]
[Result "0-1"]
[WhiteElo "1530"]
[BlackElo "1580"]
[PlyCount "76"]
[EventDate "2003.11.??"]
[EventType "team"]
[EventRounds "11"]
[EventCountry "FRA"]
[SourceTitle "EXT 2005"]
[Source "ChessBase"]
[SourceDate "2004.11.15"]
[SourceVersion "1"]
[SourceVersionDate "2004.11.15"]
[SourceQuality "1"]
[WhiteTeam "Nancy"]
[BlackTeam "Bischwiller"]
[WhiteTeamCountry "FRA"]
[BlackTeamCountry "FRA"]

1. e4 e5 2. Nc3 Nf6 3. Bc4 Nc6 4. d3 Bc5 5. f4 d6 6. f5 h6 7. h4 Bb4 8. g4 Bxc3+ 9. bxc3 d5 10. exd5 Nxd5 11. Bxd5 Qxd5 12. Qf3 Qc5 13. c4 Nd4 14. Qf2 Qb4+ 15. Qd2 Nxc2+ 16. Kd1 Qxd2+ 17. Bxd2 Nxa1 18. Bc3 f6 19. Bxa1 Bd7 20. Ne2 0-0-0 21. Kd2 Bc6 22. Rd1 e4 23. Kc3 Rhe8 24. Ng3 exd3 25. Rxd3 Rxd3+ 26. Kxd3 Bf3 27. g5 hxg5 28. hxg5 fxg5 29. Bxg7 Kd7 30. f6 Ke6 31. Ne4 Bxe4+ 32. Kxe4 Kf7+ 33. Kf5 Re2 34. Kxg5 Rxa2 35. Kf5 Rc2 36. Ke5 Rxc4 37. Kd5 Rc6 38. Ke5 a5 0-1

[Event "FRA-chT U20 0203"]
[Site "Clichy"]
[Date "2003.01.03"]
[Round "4.6"]
[White "Perusseau, Clement"]
[Black "Viville, Simon"]
[Result "0-1"]
[WhiteElo "1400"]
[BlackElo "1500"]
[PlyCount "92"]
[EventDate "2002.12.??"]
[EventType "team"]
[EventRounds "11"]
[EventCountry "FRA"]
[SourceTitle "EXT 2004"]
[Source "ChessBase"]
[SourceDate "2003.11.25"]
[SourceVersion "1"]
[SourceVersionDate "2003.11.25"]
[SourceQuality "1"]
[WhiteTeam "Neuilly"]
[BlackTeam "Bischwiller"]
[WhiteTeamCountry "FRA"]
[BlackTeamCountry "FRA"]

1. e4 e5 2. Nf3 Nc6 3. d4 exd4 4. Nxd4 Bc5 5. Be3 Qf6 6. c3 Nge7 7. Bc4 Ne5 8. Qe2 0-0 9. 0-0 c6 10. f4 Nxc4 11. Qxc4 Bb6 12. Qb4 c5 13. e5 Qh6 14. Qa3 cxd4 15. cxd4 Nc6 16. f5 Bxd4 17. Bxd4 Nxd4 18. Qd3 Nc6 19. Qe4 b6 20. Rf3 Bb7 21. Rh3 Qc1+ 22. Kf2 Na5 23. Qh4 Qxb2+ 24. Ke1 Qxe5+ 25. Kf2 Qxf5+ 26. Kg1 Qe4 27. Qf2 Nc6 28. Rg3 Qd4 29. Qxd4 Nxd4 30. Nc3 Rac8 31. Kf2 Rfe8 32. Rd1 Ne6 33. Rxd7 Rc7 34. Rxc7 Nxc7 35. Rd3 Bc8 36. Rd4 f6 37. Ra4 a5 38. Rc4 Ne6 39. Re4 Kf7 40. Nb5 Rd8 41. Rc4 Ba6 42. a4 Bxb5 43. axb5 Nc5 44. Ke3 Ke6 45. Rh4 h6 46. Rg4 g5 0-1